Ehdotetut maailman kansallisliput - Statistics

Yleistilastot
  • Tätä visaa on pelattu 22 kertaa
  • Keskiarvotulos 5 / 16
Vastaustilastot
Kuvavisa Vastaus % Oikein
Kiina
79%
Australia
64%
Egypti
57%
Moldova
50%
Kosovo
36%
Ruotsin ja Norjan yhdistyneet kuningaskunnat
29%
Bosnia ja Hertsegovina
21%
Panama
21%
Angola
14%
Brasilia
14%
Bulgaria
14%
Peru
14%
Suriname
14%
Ghana
7%
Slovenia
7%
Uzbekistan
7%
Ehtoja vastaavia visoja ei löytynyt
Tulosjakauma
Jokaisen tuloksen saaneiden osuus
Persentiili vastausten määrän mukaan
Tuloshistoriasi
Et ole pelannut tätä visaa